| 000 | 00452pab a2200169 454500 | ||
|---|---|---|---|
| 008 | 180718b1987 xxu||||| |||| 00| 0 eng d | ||
| 100 | _aChandrashekhar, D.M. | ||
| 245 |
_aSocial forestry in Karnataka _bAn impact analysis |
||
| 260 | _c1987 | ||
| 300 | _a935-41 | ||
| 362 | _a13 June | ||
| 650 | _aForests - India - Karnataka | ||
| 700 | _aS.R. Ramaswamy | ||
| 700 | _aB.V. Krishna Murti | ||
| 773 | _aEconomic and Political Weekly | ||
| 909 | _a8897 | ||
| 999 |
_c8897 _d8897 |
||